Normal view MARC view
  • Aronszajn, Nachman,

Entry Personal Name

Number of records used in: 1

001 - CONTROL NUMBER

  • control field: 153667

003 - CONTROL NUMBER IDENTIFIER

  • control field: TR-AnTOB

005 - DATE AND TIME OF LATEST TRANSACTION

  • control field: 20260415084905.0

008 - FIXED-LENGTH DATA ELEMENTS

  • fixed length control field: 821009n| acannaab| |a aaa |||

010 ## - LIBRARY OF CONGRESS CONTROL NUMBER

  • LC control number: n 82105310

040 ## - CATALOGING SOURCE

  • Original cataloging agency: DLC
  • Transcribing agency: DLC
  • Modifying agency: DLC

100 10 - HEADING--PERSONAL NAME

  • Personal name: Aronszajn, Nachman,
  • Dates associated with a name: 1907-

400 10 - SEE FROM TRACING--PERSONAL NAME

  • Personal name: Aronszajn, N.
  • Fuller form of name: (Nachman),
  • Dates associated with a name: 1907-

670 ## - SOURCE DATA FOUND

  • Source citation: His Sur les décomposition des fonctions analytiques ... 1935.

670 ## - SOURCE DATA FOUND

  • Source citation: His Polyharmonic functions, c1983:
  • Information found: CIP t.p. (N. Aronszajn) author info. (now deceased) book t.p. (Nachman Aronszajn)
Devinim Yazılım Eğitim Danışmanlık tarafından Koha'nın orjinal sürümü uyarlanarak geliştirilip kurulmuştur.